<?xml version="1.0" encoding="UTF-8"?>
<record
    xmlns:xsi="http://www.w3.org/2001/XMLSchema-instance"
    xsi:schemaLocation="http://www.loc.gov/MARC21/slim http://www.loc.gov/standards/marcxml/schema/MARC21slim.xsd"
    xmlns="http://www.loc.gov/MARC21/slim">

  <leader>02776nam a2200409   4500</leader>
  <controlfield tag="003">PE-LiUPU</controlfield>
  <controlfield tag="005">20250731173119.0</controlfield>
  <controlfield tag="008">210817n                      000 0 eng u</controlfield>
  <datafield tag="020" ind1=" " ind2=" ">
    <subfield code="a">9789004236011</subfield>
  </datafield>
  <datafield tag="035" ind1=" " ind2=" ">
    <subfield code="a">(Sirsi) a252881</subfield>
  </datafield>
  <datafield tag="082" ind1="0" ind2="4">
    <subfield code="a">246.0942</subfield>
    <subfield code="b">D18</subfield>
  </datafield>
  <datafield tag="100" ind1="1" ind2=" ">
    <subfield code="a">Davis, David J.</subfield>
    <subfield code="e">autor</subfield>
  </datafield>
  <datafield tag="245" ind1="1" ind2="0">
    <subfield code="a">Seeing faith, printing pictures :</subfield>
    <subfield code="b">religious identity during the English Reformation /</subfield>
    <subfield code="c">por David J. Davis.</subfield>
  </datafield>
  <datafield tag="264" ind1=" " ind2=" ">
    <subfield code="a">Leiden ; Boston :</subfield>
    <subfield code="b">Brill,</subfield>
    <subfield code="c">2013.</subfield>
  </datafield>
  <datafield tag="300" ind1=" " ind2=" ">
    <subfield code="a">[xiv], 243 p&#xE1;ginas;</subfield>
    <subfield code="c">24 cent&#xED;metros.</subfield>
  </datafield>
  <datafield tag="505" ind1="0" ind2=" ">
    <subfield code="a">Religious Identity and the English Reformation(s). -Studying Early Modern Printed Image. -Seeing Faith, Reading images. -Sources and Chapters. -1. Material Religion: The Image in Early Modern Print. -The Public Sphere and Commodification. -Censorship and Religious Identity. -English Printed Images: A European Tradition. -Moving Images in the Marketplace. -2. Printed Images and the Reformation in England. -Iconoclasm and Protestant Adiaphora. -Reformed Theology and Boundaries of Acceptability. -Theodore Beze and Peter Martyr Vermigli. -William Perkins. -The Catholic Opposition. -Translation and Mistranslation. -Protestant Hypocrisy. -3. Christ, the Virgin, and the Catholic Tradition of Printed Images. -Catholic Primers and English Protestantism. -Catholic Printers in Reformation England. -Images of the Virgin. -Images of Christ and the Catholic Community. - 4. Representations of Christ: Reforming the Imitatio Christi Protestants and the God-Man. -From Corpus Christi to Christ Displayed. -Protestant Identity and the Imitatio Christi. -The Suffering Christ: Meditation and Imitation. -Seeing the End: Resurrection and Judgment. -5. Seeing God Protestant Visions of the Father: Traditional Images and Recycled Prints. -Godd in Illustrated Bibles. -The Exception of Divine Visions. -God at Creation. -6. Reforming Deity: Symbolic Pictures of God:. -Continuity and Change. -A Reformedd Icon?: Symbols of God. -The Devotional Image.</subfield>
  </datafield>
  <datafield tag="526" ind1=" " ind2=" ">
    <subfield code="a">SEG42</subfield>
  </datafield>
  <datafield tag="526" ind1=" " ind2=" ">
    <subfield code="a">SEG41</subfield>
  </datafield>
  <datafield tag="526" ind1=" " ind2=" ">
    <subfield code="a">SEG40</subfield>
  </datafield>
  <datafield tag="526" ind1=" " ind2=" ">
    <subfield code="a">SEG39</subfield>
  </datafield>
  <datafield tag="526" ind1=" " ind2=" ">
    <subfield code="a">P94</subfield>
  </datafield>
  <datafield tag="526" ind1=" " ind2=" ">
    <subfield code="a">P87</subfield>
  </datafield>
  <datafield tag="526" ind1=" " ind2=" ">
    <subfield code="a">P86</subfield>
  </datafield>
  <datafield tag="526" ind1=" " ind2=" ">
    <subfield code="a">P85</subfield>
  </datafield>
  <datafield tag="526" ind1=" " ind2=" ">
    <subfield code="a">P77</subfield>
  </datafield>
  <datafield tag="526" ind1=" " ind2=" ">
    <subfield code="a">P76</subfield>
  </datafield>
  <datafield tag="526" ind1=" " ind2=" ">
    <subfield code="a">P35</subfield>
  </datafield>
  <datafield tag="650" ind1="1" ind2="4">
    <subfield code="a">Reforma y arte</subfield>
    <subfield code="z">Inglaterra.</subfield>
  </datafield>
  <datafield tag="650" ind1="2" ind2="4">
    <subfield code="a">Literatura cristiana</subfield>
    <subfield code="x">Ilustraciones.</subfield>
  </datafield>
  <datafield tag="650" ind1="2" ind2="4">
    <subfield code="a">Ilustraci&#xF3;n de libros</subfield>
    <subfield code="z">Inglaterra.</subfield>
  </datafield>
  <datafield tag="650" ind1="2" ind2="4">
    <subfield code="a">Identificaci&#xF3;n (religi&#xF3;n).</subfield>
  </datafield>
  <datafield tag="598" ind1=" " ind2=" ">
    <subfield code="a">CATALOGING</subfield>
  </datafield>
  <datafield tag="596" ind1=" " ind2=" ">
    <subfield code="a">1</subfield>
  </datafield>
  <datafield tag="942" ind1=" " ind2=" ">
    <subfield code="2">ddc</subfield>
    <subfield code="c">BOOK</subfield>
  </datafield>
  <datafield tag="949" ind1=" " ind2=" ">
    <subfield code="a">246.0942 D18</subfield>
    <subfield code="w">DEWEY</subfield>
    <subfield code="c">1</subfield>
    <subfield code="i">70896</subfield>
    <subfield code="m">BC </subfield>
    <subfield code="p">156.00</subfield>
    <subfield code="r">0</subfield>
    <subfield code="s">Y</subfield>
    <subfield code="t">LIBRO</subfield>
    <subfield code="u">2021-04-20</subfield>
    <subfield code="x">FACTEO</subfield>
    <subfield code="z">Teolog&#xED;a</subfield>
    <subfield code="o">STAFF. Colecci&#xF3;n General</subfield>
  </datafield>
  <datafield tag="999" ind1=" " ind2=" ">
    <subfield code="a">246.0942 D18</subfield>
    <subfield code="w">DEWEY</subfield>
    <subfield code="c">32079</subfield>
    <subfield code="i">70896</subfield>
    <subfield code="f">2022-6-8</subfield>
    <subfield code="g">1</subfield>
    <subfield code="l">CCODEBUL1</subfield>
    <subfield code="m">BUL</subfield>
    <subfield code="p">156.00</subfield>
    <subfield code="r">0</subfield>
    <subfield code="s">Y</subfield>
    <subfield code="t">BOOK</subfield>
    <subfield code="u">2021-8-17</subfield>
    <subfield code="x">TEOLOGIA</subfield>
    <subfield code="P">P35</subfield>
    <subfield code="0">UNKNOWN</subfield>
    <subfield code="d">32079</subfield>
  </datafield>
  <datafield tag="980" ind1=" " ind2=" ">
    <subfield code="8">1</subfield>
    <subfield code="g">ALBERTO SANCHEZ Responsable de Automatizaci&#xF3;n</subfield>
  </datafield>
  <datafield tag="952" ind1=" " ind2=" ">
    <subfield code="r">2025-12-03 00:00:00</subfield>
    <subfield code="i">2</subfield>
    <subfield code="l">0</subfield>
    <subfield code="o">246.0942 D18</subfield>
    <subfield code="p">70896</subfield>
    <subfield code="t">e1</subfield>
    <subfield code="v">161.00</subfield>
    <subfield code="w">2021-08-17</subfield>
    <subfield code="x">FT</subfield>
    <subfield code="y">BK</subfield>
    <subfield code="z">inventario-2023-12-13</subfield>
    <subfield code="1">0</subfield>
    <subfield code="2">ddc</subfield>
    <subfield code="5">0</subfield>
    <subfield code="7">0</subfield>
    <subfield code="8">GEN</subfield>
    <subfield code="f">P35</subfield>
    <subfield code="a">BUL</subfield>
    <subfield code="b">BUL</subfield>
    <subfield code="c">GEN</subfield>
    <subfield code="d">2021-08-17</subfield>
    <subfield code="e">UNKNOWN</subfield>
    <subfield code="g">156.00</subfield>
  </datafield>
</record>
